000 01151nam a2200289Ia 4500
001 G3932
003 IT-RoPAU
008 130308s9999 xx 000 0 und d
040 _aIT-RoPAU
040 _cIT-RoPAU
041 _aFRANCESE
100 _aAA.VV.
100 _gCodice Aut. SPICS: 12000
245 _aFormes de la conversation (Les)-Volume 2
245 _bFormes de la Conversation (Les)-Volume 2
250 _a1a ed.
260 _aPARIS
260 _bCNET
260 _c1991 [1° Ed.:1991 - Ed.Ling.Originale:1991]
300 _a"294 p. (prefazione: no ; testo: 294 [pagine: 0-0])"
500 _a"Forme della Conversazione. raccolta della seconda parte degli Atti della conferenza ""Analisi dell'Azione e Analisi della Conversazione"", tenuta a Parigi nel settembre 1987. Atti Riuniti da Bernard Conein, Michel De Fornel e Louis Quere'. contributi su tre Temi: Interazione Sociale e Contesto Istituzionale, Gesti e Sguardo nella Conversazione, Produzione dell'ordine nell'Interazione. Bibliografia."
650 _aSAGGI DI LINGUISTICA
650 _eCodice materia Spics: 3207
942 _cBK
957 _71
999 _c87964
_d87964
999 _g1